| 000 | 01059nam a2200265 i 4500 | ||
|---|---|---|---|
| 001 | 93884 | ||
| 003 | ES-MaACL | ||
| 005 | 20250809233428.0 | ||
| 007 | t| | ||
| 008 | 050421s1981 sp ||||1| spa d | ||
| 080 | _a914.641M.(026) | ||
| 100 | 1 |
_aLopez Marsa, Flora. _9194743 |
|
| 245 | 1 | 0 |
_aConozcamos Madrid : _bitinerarios histórico-culturales de la villa y corte / _c[texto, Flora López Marsá, Alicia Díez de Baldeón y García, Celia Más Mayoral ; fotografía, Pedro López Gómez]. |
| 250 | _a2ª ed. corr. y aum. | ||
| 260 |
_aMadrid : _bRelaciones Institucionales y Comunicación, Ayuntamiento, _c1981. |
||
| 300 |
_a54 p.bil. col. ; _c24 cm. |
||
| 504 | _aBibliografía: p. 53-54. | ||
| 651 | 4 |
_aMadrid- _vGuías turísticas. _98962 |
|
| 700 | 1 |
_aDíez de Baldeón García, Alicia, _d1955- _944698 |
|
| 700 | 1 |
_aMás Mayoral, Celia. _978641 |
|
| 700 | 1 |
_aLópez Gómez, Pedro. _973674 |
|
| 710 | 1 |
_aMadrid. _bConcejalía de Relaciones Institucionales y Comunicación. _95621 |
|
| 852 | 4 |
_aES-MaACL _j2135-F-10 |
|
| 999 |
_c93884 _d93884 |
||